000 00663nam a2200205Ia 4500
003 GCL
008 140319s9999 xx 000 0 ara d
040 _aGCL /
_cGCL
082 0 4 _a923.2
_bم ل
100 1 _aمحمد عبدالله عنان
245 1 0 _aلسان الدين بن الخطيب : حياته وتراثه الفكرى /
_cمحمد عبدالله عنان
260 _a[S.N] :
_bمكتبة الخانجى ،
_c1968
490 _a
650 0 4 _aالشعر العربى
650 0 4 _aالاندلس
650 0 4 _aالتاريخ الاسلامى
650 0 4 _aغرناطة
650 0 4 _aالموشحات الاندلسية
942 _2ddc
_cBK
999 _c36797
_d36797